[Event "Golden Cleopatra op 7th"]
[Site "Cairo"]
[Date "2003.06.04"]
[Round "4"]
[White "Salem, Zahed"]
[Black "Moawad, Jalal"]
[Result "1-0"]
[WhiteElo "2319"]
[BlackElo "2140"]
[PlyCount "75"]
[EventDate "2003.06.03"]
[EventType "swiss"]
[EventRounds "10"]
[EventCountry "EGY"]
[SourceTitle "CBM 094 Extra"]
[Source "ChessBase"]
[SourceDate "2003.07.09"]
[SourceVersion "2"]
[SourceVersionDate "2003.07.09"]
[SourceQuality "1"]

1. e4 c5 2. Nf3 d6 3. d4 cxd4 4. Nxd4 Nf6 5. Nc3 a6 6. Be2 e5 7. Nf3 Qc7 8. 0-0 Be7 9. Bg5 Nbd7 10. Qd2 h6 11. Be3 b5 12. a4 b4 13. Nd5 Nxd5 14. exd5 Rb8 15. b3 f5 16. g3 g5 17. Rae1 g4 18. Nh4 Bxh4 19. gxh4 Qd8 20. f3 Qxh4 21. fxg4 f4 22. Ba7 Ra8 23. Bf2 Qe7 24. Qxb4 0-0 25. Bf3 a5 26. Qd2 Qg7 27. Kh1 Nf6 28. Rg1 e4 29. Bxe4 Bxg4 30. Bg2 f3 31. Bf1 Rae8 32. Rxe8 Rxe8 33. Qf4 Re4 34. Qxd6 Re2 35. Bxe2 fxe2 36. Qf4 h5 37. c4 Qg6 38. h3 1-0

[Event "Golden Cleopatra op 7th"]
[Site "Cairo"]
[Date "2003.06.02"]
[Round "2"]
[White "Farahat, Ali"]
[Black "Moawad, Jalal"]
[Result "1/2-1/2"]
[WhiteElo "2350"]
[BlackElo "2140"]
[PlyCount "58"]
[EventDate "2003.06.03"]
[EventType "swiss"]
[EventRounds "10"]
[EventCountry "EGY"]
[SourceTitle "CBM 094 Extra"]
[Source "ChessBase"]
[SourceDate "2003.07.09"]
[SourceVersion "2"]
[SourceVersionDate "2003.07.09"]
[SourceQuality "1"]

1. e4 c5 2. Nf3 d6 3. d4 cxd4 4. Nxd4 Nf6 5. Nc3 a6 6. Be3 e5 7. Nb3 Be6 8. Qd2 Nbd7 9. 0-0-0 Qc7 10. f3 b5 11. g4 h6 12. Nd5 Bxd5 13. exd5 Rc8 14. Kb1 Nb6 15. Bxb6 Qxb6 16. h4 g6 17. Bh3 Rc7 18. Rhe1 Re7 19. f4 exf4 20. Qxf4 Nd7 21. Nd4 Ne5 22. Nc6 Bg7 23. Nxe7 Kxe7 24. Re2 Rf8 25. g5 h5 26. a4 bxa4 27. Qxa4 Rb8 28. c3 Kf8 29. Rf1 Kg8 1/2-1/2